| 000 | 00778cam a2200241 a 4500 | ||
|---|---|---|---|
| 020 | _a0130948535 (pbk. : alk. paper) | ||
| 040 | _cDLC | ||
| 082 | 0 | 0 | _a428 CON 2002 C275 Or. |
| 100 | 1 | _aSolórzano, Helen Sophia. | |
| 245 | 1 | 0 |
_aContemporary topics 1 : _bintermediate listening and note-taking skills / |
| 246 | 3 | _aContemporary topics one | |
| 246 | 3 | 0 | _aIntermediate listening and note-taking skills |
| 250 | _a2nd ed. | ||
| 260 |
_a[New York] : _bLongman, _c2002. |
||
| 300 |
_axi, 110 p. : _bill. ; _c28 cm. |
||
| 500 | _aRev. ed. of: Introductory topics--intermediate listening comprehension. c1995. | ||
| 650 | 0 | _aEnglish language | |
| 650 | 0 | _aEnglish language | |
| 650 | 0 | _aNote-taking | |
| 650 | 0 | _aListening | |
| 700 | 1 | _aFrazier, Laurie. | |
| 942 | _cAEDBB | ||
| 999 |
_c21225 _d21225 |
||